01263nam a22003137a 4500999001500000001000600015003000900021005001700030008004100047020001800088040002800106082001900134100002000153245007400173260004100247300002800288504005100316650001700367650001700384650001900401651004600420651005300466651003000519651003700549942001200586952011700598952011700715952011700832 c3772d377220206BD-DhUAP20200311155310.0200311s2003 nyu b 001 0 eng d a9780143027980 aDLCcDLCdBD-DhUAPbEng00223a950.07 SAI1 aSaid, Edward W.10aOrientalism : bwestern conceptions of the orient / cEdward W. Said. aNew Delhi :bPenguin Books, cc2003. axi, 396 pages ;c25 cm. aIncludes bibliographical references and index. 0aOrientalism. 0aImperialism. 0aEast and West. 0aAsiaxForeign public opinion, Occidental. 0aMiddle EastxForeign public opinion, Occidental. 0aAsiaxStudy and teaching. 0aMiddle EastxStudy and teaching. 2ddccBK 00102ddc4070aUAPCLbUAPCLcGeneral Stacksd2020-03-11o950.07 SAIp3010020206r2020-03-11t1w2020-03-11yBK 00102ddc4070aUAPCLbUAPCLcGeneral Stacksd2020-03-11o950.07 SAIp3010020205r2020-03-11t2w2020-03-11yBK 00102ddc4070aUAPCLbUAPCLcGeneral Stacksd2020-03-11o950.07 SAIp3010020207r2020-03-11t3w2020-03-11yBK